| 000 | 00992nam a2200205 u 4500 | ||
|---|---|---|---|
| 001 | 000753148 | ||
| 003 | AM-YeHGA | ||
| 005 | 20250617143623.0 | ||
| 008 | 100727s1984 ||| r 000 0 rus d | ||
| 040 | _aAM-YeHGA | ||
| 041 | 0 | _arus | |
| 245 | 0 | 0 |
_aВнутриполитическая борьба в странах Запада в годы первой мировой войны : _bМежвузовский сборник / _cКуйбышев. гос. ун-т; [Редкол.: Б. Д. Козенко (отв. ред.) и др.]. |
| 260 |
_aКуйбышев : _bКГУ, _c1984. |
||
| 300 | _a169 с. | ||
| 504 | _aБиблиогр. в примеч. в конце ст. | ||
| 653 | 0 | _aПолитические партии капиталистических стран - История - 20 в. | |
| 700 | 1 |
_aКозенко, Борис Дмитриевич _eред. _4edt |
|
| 710 | 2 | _aКуйбышевский государственный университет | |
| 090 | _c280076 | ||
| 999 |
_c278424 _d278424 |
||